000
00215nam a22000857a 4500
008
170620b xxu||||| |||| 00| 0 eng d
100
_9
3579
_a
Srivastava. H. N
245
_a
Earth Quakes
260
_a
New delhi
_b
N. B. T
_c
1983
999
_c
6965
_d
6965